|
|
|
|
| LEADER |
00000nam a22000007ic4500 |
| 001 |
IT\ICCU\UBO\1547969 |
| 003 |
ItRI |
| 005 |
20260115232447.0 |
| 008 |
020117s2001 it |||||| ||||| |||||c |
| 040 |
|
|
|b ita
|c importazione bologna sebina
|
| 041 |
|
7 |
|a ita
|2 ISO-639-2
|
| 245 |
0 |
0 |
|a La cultura nell'anima.
|
| 300 |
|
|
|a Zola Predosa :
|b L'inchiostro blu, stampa 2001. - 335 p. : ill. ;
|c 30 cm
|
| 500 |
|
|
|a In testa al front.: Bologna 2000, citta europea della cultura.
|
| 773 |
0 |
|
|w IT\ICCU\UBO\1547950
|t La cultura nell'anima
|g 2
|
| 942 |
|
|
|2 ddc
|c BK
|n 0
|
| 952 |
|
|
|0 0
|1 0
|4 0
|6 DOC_945_411000000000000_CUL
|7 0
|9 26143
|a BO
|b BO
|d 2026-01-15
|i 5997
|l 0
|o DOC 945.411 CUL
|p BO5997
|r 2026-01-15 23:24:47
|w 2026-01-15
|x [Sebina 7] [v. 2]
|y BK
|z v. 2
|
| 999 |
|
|
|c 22127
|d 22127
|